2nd Grade Border Countries -Central Africa - Statistics

General Stats
  • This quiz has been taken 7 times
  • The average score is 13 of 14
Answer Stats
Answer % Correct
Angola
100%
Burundi
100%
Equatorial Guinea
100%
Gabon
100%
Kenya
100%
Libya
100%
Rwanda
100%
Tanzania
100%
Uganda
100%
Zambia
100%
Ethiopia
86%
Niger
86%
Nigeria
71%
Eritrea
57%
No matching quizzes found
Score Distribution
Percent of People with Each Score
Percentile by Number Answered
Your Score History
You have not taken this quiz